Qui sont ces députés du Groupe Ensemble pour la République ? - 2024 - Statistiques

Statistiques générales
  • Ce quiz a été pris 85 fois
  • Le résultat moyen est 12 sur 20
Statistiques - réponses
Par images Hint Réponse % Correct
Calvados Elisabeth Borne
100%
Hauts de Seine Gabriel Attal
100%
Nord Gérald Darmanin
99%
Yvelines Yaël Braun - Pivet
94%
Yvelines Aurore Bergé
87%
Hauts de Seine Prisca Thévenot
81%
Hauts de Seine Stéphane Séjourné
75%
Seine et Marne Franck Riester
62%
Eure et Loire Guillaume Kasbarian
62%
Pas de Calais Agnès Pannier Runacher
59%
Oise Eric Woerth
59%
Français de l'Etranger Roland Lescure
58%
Paris Olivia Grégoire
45%
Hauts de Seine Pierre Cazeneuve
45%
Gironde Thomas Cazenave
43%
Français de l'Etranger Anne Genetet
42%
Paris Sylvain Maillard
38%
Côtes d'Armor Hervé Berville
33%
Yvelines Marie Lebec
26%
Français de l'Etranger Stéphane Vojetta
17%
Aucun quiz correspondant
Distribution des résultats
% des personnes avec chaque résultat
Percentile par nombre de réponses
Votre historique - résultats
Vous n’avez pas pris ce quiz